000 00304nam a2200121Ia 4500
008 191201s1998 xx 000 0 und d
100 _aGUPTA,B.R.
245 0 _aGeneration of Electrical Energy
260 _aN. delhi
_bS Chand and Co. Ltd.
_c1998
300 _a396
650 _aB.Tech(ECE)
942 _2ddc
_cBK
999 _c408
_d408